| 000 | 01125nam a22003017a 4500 | ||
|---|---|---|---|
| 999 |
_c29010 _d28981 |
||
| 003 | EG-ScBUE | ||
| 005 | 20201027102349.0 | ||
| 008 | 200219r20102008ii a f b 001 0 eng d | ||
| 020 | _a9788188458936 | ||
| 020 | _a8188458937 | ||
| 040 |
_aEG-ScBUE _beng _erda _cEG-ScBUE _dEG-ScBUE |
||
| 082 | 0 | 4 |
_a621.37 _bGUP _222 |
| 100 | 1 |
_aGupta, J. B., _eauthor. |
|
| 245 | 1 | 2 |
_aA course in electronics and electrical measurements & instrumentation : _bfor B. Sc. (Engineering) ; B. Tech. ; B.E. ; A.M.I.E. (India) section B and other equivalent engineering examinations / _cby J. B. Gupta. |
| 250 | _aReprinted edition. | ||
| 250 | _aThirteenth edition. | ||
| 264 | 1 |
_aNew Delhi : _bS. K. Kataria & Sons, _c2010. |
|
| 300 |
_axvii, 1572 pages : _billustrations ; _c24 cm |
||
| 336 |
_2rdacontent _atext _btxt |
||
| 337 |
_2rdamedia _aunmediated _bn |
||
| 338 |
_2rdacarrier _avolume _bnc |
||
| 504 | _aIncludes bibliographical references and index. | ||
| 650 | 7 |
_aElectric measurements. _2BUEsh |
|
| 650 | 7 |
_aEngineering instruments. _2BUEsh |
|
| 653 |
_bENGELC _cOctober2020 |
||
| 655 |
_vReading book _934232 |
||
| 942 |
_2ddc _cBB |
||